Harry Potter Quiz schwer - Statistiken

Allgemein
  • Dieses Quiz wurde 1.588 mal gespielt
  • Das Durchschnittsergebnis liegt bei 9 aus 13
Antwortstatistiken
Frage Antwort % Korrekt
Wie hieß der Fisch von Horace Slughorn ? Francis
89%
Nach was riecht der Liebestrank „Amortentia“ für Hermine ? Frisch gemähtes Gras, neues Pergament und Pfefferminzzahnpasta (Rons Haare)
88%
Was steht auf dem Schnatz den Harry bei seinem ersten Quidditchspiel gefangen hat ? Ich öffne mich zum Schluss
87%
Wie lautet Dumbledores kompletter Name ? Albus Percival Wulfric Brian Dumbledore
83%
Wer wurde alles im zweiten Buch versteinert ? Mrs Norris, Justin Finch-Fletchley, Colin Creevy Penelope Clearwater und Hermine Granger
80%
Wer nimmt welche Position im Schachbrett ein ? Harry nimmt die eines Läufers ein, Hermine die eines Turms und Ron die eines Springers
78%
Wie alt wurde Dumbledore ? 115
76%
Wie lautet der erste Satz des ersten Kapitels von „Harry Potter und der Stein der Weisen“ ? “Mr. und Mrs. Dursley im Ligusterweg Nummer 4 waren stolz darauf, ganz und gar normal zu sein, sehr stolz sogar.”
64%
Als welche Farbe beschreibt Ron seinen selbst gemachten Pulli, der ihm geschenkt wird ? Kastanienbraun
63%
Wie hießen die drei Brüder an die der Tod die drei Heiligtümer des Todes überreichte ? Antioch, Ignotus und Cadmus Peverell
53%
Was bewirkt der Zauberspruch „Finite Incantatem“ Er ist ein Beendigungszauber und kann im Kampf mehrere Flüche gleichzeitig aufheben.
46%
Bei der wievielten Quidditchweltmeisterschaft schaut Harry im vierten Teil zu ? 422
37%
Welche Augenfarbe haben Thestrale ? Weiß
36%
Keine übereinstimmenden Quizze gefunden
Verteilung der Resultate
Anzahl Personen mit jedem Resultat
Perzentil nach korrekt beantworteten Fragen
Ihre Resultats-Entwicklung
Sie haben dieses Quiz noch nicht gespielt